| 000 | 00577nam a2200205 a 4500 | ||
|---|---|---|---|
| 005 | 20240228063828.0 | ||
| 008 | 991125s1995 mx 000 0 spa u | ||
| 020 | _a968163666X | ||
| 035 | _aUPN01000033654 | ||
| 049 | _aI | ||
| 050 | 4 |
_aPZ7 _bA4.48 |
|
| 100 | 1 | _aAllsburg, Chris Van | |
| 245 | 1 | 0 |
_aJumanji / _cChris Van Allsburg ; tr. Rafael Segovia Albán. |
| 260 |
_aMéxico : _bFCE, _c1995. |
||
| 300 |
_a[28] p. : _bil. |
||
| 440 | 0 | _aA la orilla del viento | |
| 650 | 4 |
_aCuentos infantiles _96744 |
|
| 650 | 4 |
_aLibros y lectura para niños _92290 |
|
| 905 | _aInfantil | ||
| 999 |
_c33654 _d33654 |
||